000 00506nam a2200169 i 4500
001 57064
003 ES-MaACL
005 20250811063136.0
007 t|
008 031014s1951 sp ||||1| spa d
100 1 _aDíez Crespo, Manuel,
_d1911-
_944695
245 1 0 _aMemorias y deseos
_b: poesía : 1941-1950 /
_cManuel Díez Crespo.
260 _aMadrid :
_bEditora Nacional,
_c1951 (
_fUguina)
300 _a289 p. ;
_c19 cm.
852 _aES-MaACL
_jD-5526
_bR.30922
999 _c57064
_d57064